Представление документа в формате RUSMARC

Поле Инд. ПП Название Значение
Тип записи a
Библиографический уровень a
001 Контрольный номер 2e9c2715224d41af9f50d2d35e20e487
005 Дата корректировки 20190209103241.0
100 a Данные общей обработки 20190206 ||| 0rusy0189 ca
101 0_ a Язык текста rus
102 a Страна публикации RU
200 1_ f Первые сведения об ответственности П.Н. Бирюков
a Заглавие Гражданское судопроизводство в Англии и Уэльсе: общие положения
b Общее обозначение материала Текст
210 1_ d Дата издания 2019
461 _0 1 2000
a Арбитражный и гражданский процесс
463 _0 1 2000
a № 1
v С. 50-55
1 2101
d 2019
1 0017f48f0b000d1446ab23923e53a55db2f
606 a Основная рубрика Международное право. Право отдельных стран
610 0_ a Ключевые слова ПРАВО ЗАРУБЕЖНЫХ СТРАН
a Ключевые слова ГРАЖДАНСКИЙ ПРОЦЕСС
a Ключевые слова АНГЛИЯ
700 _1 a Фамилия Бирюков
b Имя П.Н.
801 _0 a Страна RU
b Организация РГУП
c Дата составления 20190206
g Правила каталогизации PSBO
801 _1 a Страна RU
b Организация РГУП
c Дата составления 20190206
g Правила каталогизации PSBO
901 t Тип документа b
w Контрольный № источника 7f48f0b000d1446ab23923e53a55db2f
905 a Дата ввода 20190206